Normal view
MARC view
- Arms and Armor- Islamic
Entry Topical Term
001 - CONTROL NUMBER
- control field: 37288
003 - CONTROL NUMBER IDENTIFIER
- control field: NUST
005 - DATE AND TIME OF LATEST TRANSACTION
- control field: 20210314130238.0
008 - FIXED-LENGTH DATA ELEMENTS
- fixed length control field: 210314|| aca||aabn | a|a d
040 ## - CATALOGING SOURCE
- Original cataloging agency: NUST
- Transcribing agency: NUST
150 ## - HEADING--TOPICAL TERM
- Topical term or geographic name entry element: Arms and Armor- Islamic
670 ## - SOURCE DATA FOUND
- Source citation: Work cat.: (NUST): Nicolle- David 37286, The Armies of Islam 7th-11th centuries, 1982
